Lord of the Rings: Trivia #1 - Statistics

General Stats
  • This quiz has been taken 129 times
  • The average score is 6 of 6
Answer Stats
Question Answer % Correct
Which of these horses is Shadowfax?
100%
Which of these places is the shire?
99%
Which of these characters is not a servant of Sauron?
96%
Which of these Hobbits is not related to Frodo?
93%
Which of these weapons is Anduril?
88%
Which of these characters is not from Rohan?
79%
No matching quizzes found
Score Distribution
Percent of People with Each Score
Percentile by Number Answered
Your Score History
You have not taken this quiz